000 00738pam a2200229 a 4500
001 4472710
005 20180314083231.0
008 960814s1996 maua b 001 0 eng
010 _a 96041473
020 _a0201441950 (pbk. : alk. paper)
040 _aDLC
_cDLC
_dDLC
041 _aeng
080 _a658 SHAP
082 0 0 _a658 SHAP
_220
100 1 _a57
101 _aBIZ
245 1 0 _aFad surfing in the boardroom :
_cEileen C. Shapiro.
504 _aIncludes bibliographical references (p. 230-244) and index.
906 _a7
_bcbc
_corignew
_d1
_eocip
_f19
_gy-gencatlg
942 _2ddc
_cBK
999 _c45019
_d45019